000 00439cam a22001814a 4500
005 20250605163443.0
008 250528s ||||||||||||||||||||||||d
035 _a19567
020 _a863310575
040 _aGR-AtMCL
_bgre
_dGR-AtMCL
_eAACR2
245 1 _aICSA MANAGEMENT: PRINCIPLES AND POLICY
250 _a1
260 _bEmile Woolf And Associates Ltd,
_c1985
300 _a64
942 _cBK
999 _c4823
_d4823